ბათუმის შოთა რუსთაველის სახელმწიფო უნივერსიტეტის ბიბლიოთეკა

Поэзия и проза Древнего Востока / (ბიბ.ჩანაწერი № 60765)

000 -LEADER
fixed length control field 00671nam a22001577a 4500
005 - DATE AND TIME OF LATEST TRANSACTION
control field 20231019160326.0
008 - FIXED-LENGTH DATA ELEMENTS--GENERAL INFORMATION
fixed length control field 231019s1973 ru ||||| |||| 00| 0 rus d
050 ## - LIBRARY OF CONGRESS CALL NUMBER
Classification number rus
080 ## - UNIVERSAL DECIMAL CLASSIFICATION NUMBER
Universal Decimal Classification number 821'01(5)-1-3=161.1 П-67
245 ## - TITLE STATEMENT
Title Поэзия и проза Древнего Востока /
Statement of responsibility, etc. Общ. ред. И. Брагинский.
264 ## - PRODUCTION, PUBLICATION, DISTRIBUTION, MANUFACTURE, AND COPYRIGHT NOTICE
Place of production, publication, distribution, manufacture Москва :
Name of producer, publisher, distributor, manufacturer Художественная литература,
Date of production, publication, distribution, manufacture, or copyright notice 1973.
300 ## - PHYSICAL DESCRIPTION
Extent 736 стр.:
Other physical details ил.;
Dimensions 20 см.
653 ## - INDEX TERM--UNCONTROLLED
keyword ძველი აღმოსავლეთის პოეზია და პროზა
700 ## - ADDED ENTRY--PERSONAL NAME
Personal name Брагинский, И.
Relator term რედაქტორი
9 (RLIN) 20135
942 ## - ADDED ENTRY ELEMENTS (KOHA)
Source of classification or shelving scheme
Koha item type შერეული მასალები
ეგზემპლარები
Withdrawn status Lost status Source of classification or shelving scheme Damaged status Not for loan Permanent Location Current Location Shelving location Date acquired Cost, normal purchase price Full call number Barcode Date last seen Copy number Uniform Resource Identifier Price effective from Koha item type Public note
          ბათუმის შოთა რუსთაველის სახელმწიფო უნივერსიტეტის მთავარი ბიბლიოთეკა ბათუმის შოთა რუსთაველის სახელმწიფო უნივერსიტეტის მთავარი ბიბლიოთეკა წიგნსაცავი 2023-10-19 7.00 821'01(5)-1-3=161.1 П-67 65340 2023-10-19 65340 ბსუ-ს საპატიო დოქტორის გურამ ლორთქიფანიძის საჩუქარი 2023-10-19 წიგნი 7 ლ.